[Event "FRA-ch U18 Girls"]
[Site "Aix les Bains"]
[Date "2006.04.??"]
[Round "6"]
[White "Laurens, Julia"]
[Black "Koroid, Janna"]
[Result "1-0"]
[WhiteElo "2042"]
[BlackElo "1851"]
[PlyCount "51"]
[EventDate "2006.04.??"]
[EventType "swiss"]
[EventRounds "8"]
[EventCountry "FRA"]
[SourceTitle "EXT 2007"]
[Source "ChessBase"]
[SourceDate "2006.11.23"]
[SourceVersion "1"]
[SourceVersionDate "2006.11.23"]
[SourceQuality "1"]

1. e4 Nf6 2. e5 Nd5 3. Nc3 Nxc3 4. bxc3 d6 5. f4 h5 6. d4 Bf5 7. Nf3 dxe5 8. fxe5 e6 9. Rb1 b6 10. Bd3 Bxd3 11. Qxd3 Be7 12. 0-0 Nc6 13. Ng5 Bxg5 14. Qf3 Qd7 15. Bxg5 h4 16. h3 Rc8 17. Rbe1 Nd8 18. Re4 Rf8 19. Bxh4 Qd5 20. Qd3 c5 21. c4 Qd7 22. d5 Nb7 23. Rg4 g6 24. Rxg6 exd5 25. e6 fxe6 26. Rxf8+ 1-0

[Event "Wch U16 Girls"]
[Site "Belfort"]
[Date "2005.07.20"]
[Round "2"]
[White "Darbinyan, Nune"]
[Black "Koroid, Janna"]
[Result "1-0"]
[WhiteElo "2072"]
[BlackElo "1599"]
[PlyCount "97"]
[EventDate "2005.07.19"]
[EventType "swiss"]
[EventRounds "11"]
[EventCountry "FRA"]
[SourceTitle "CBM 107 Extra"]
[Source "ChessBase"]
[SourceDate "2005.09.01"]
[SourceVersion "1"]
[SourceVersionDate "2005.09.01"]
[SourceQuality "1"]

1. Nf3 d5 2. d4 c6 3. c4 Nf6 4. Qc2 g6 5. Bf4 Bf5 6. Qb3 Qb6 7. c5 Qxb3 8. axb3 Bxb1 9. Rxb1 Bg7 10. h3 Nbd7 11. e3 0-0 12. Ra1 Rfe8 13. b4 a6 14. Be2 Ne4 15. 0-0 f6 16. Bh2 e5 17. Rfd1 exd4 18. Nxd4 f5 19. Ra2 Nf8 20. Nb3 Ne6 21. h4 h6 22. Na5 Re7 23. f3 Nf6 24. Bd6 Rd7 25. Be5 Nh5 26. Bxg7 Rxg7 27. Bd3 Re8 28. Ra3 Kh8 29. Bb1 Rge7 30. Kf2 Kg7 31. g3 Nf6 32. Rc3 d4 33. exd4 Nxd4 34. Bd3 Nd5 35. Rcc1 Nxb4 36. Bf1 Nbc2 37. Rd2 Re3 38. Rdxc2 Rxf3+ 39. Kg2 Nxc2 40. Kxf3 Nd4+ 41. Kf2 Re7 42. Re1 Rf7 43. Bc4 Rf8 44. Re7+ Kh8 45. Rd7 Nc2 46. Nxb7 f4 47. Rd8 fxg3+ 48. Kxg3 Rxd8 49. Nxd8 1-0

[Event "FRA-ch U16 Girls"]
[Site "Calvi"]
[Date "2005.04.19"]
[Round "3"]
[White "Gras, Delphine"]
[Black "Koroid, Janna"]
[Result "1/2-1/2"]
[WhiteElo "1952"]
[BlackElo "1830"]
[PlyCount "98"]
[EventDate "2005.04.??"]
[EventType "swiss"]
[EventRounds "9"]
[EventCountry "FRA"]
[SourceTitle "EXT 2006"]
[Source "ChessBase"]
[SourceDate "2005.11.24"]
[SourceVersion "1"]
[SourceVersionDate "2005.11.24"]
[SourceQuality "1"]

1. e4 Nf6 2. e5 Nd5 3. d4 d6 4. Nf3 g6 5. Bc4 Nb6 6. Bb3 Nc6 7. Bf4 Bg7 8. 0-0 0-0 9. Nbd2 dxe5 10. dxe5 Na5 11. c3 Nxb3 12. Qxb3 Be6 13. Qc2 Nd5 14. Bg3 c5 15. Rad1 Qc7 16. Ne4 Qc6 17. Rfe1 Bf5 18. Qe2 Rad8 19. Nh4 Bxe4 20. Qxe4 f5 21. exf6 exf6 22. c4 Nb4 23. Qxc6 Nxc6 24. Bd6 Rfe8 25. Rxe8+ Rxe8 26. Bxc5 Re4 27. g3 Rxc4 28. Be3 Rc2 29. Rd2 Rxd2 30. Bxd2 f5 31. b3 b5 32. Nf3 a5 33. Kf1 h6 34. Ke2 Kf7 35. Kd3 Ke6 36. a4 bxa4 37. bxa4 g5 38. Kc4 Kd6 39. Kb5 Nd4+ 40. Nxd4 Bxd4 41. Be1 f4 42. Kxa5 fxg3 43. fxg3 g4 44. Kb5 Kc7 45. Kc4 Bg1 46. Kd5 Bxh2 47. Ke4 Kb6 48. Kf4 h5 49. Kg5 Bxg3 1/2-1/2

[Event "France-ch U16 Girls"]
[Site "Reims"]
[Date "2004.04.24"]
[Round "8"]
[White "Buland, Cynthia"]
[Black "Koroid, Janna"]
[Result "0-1"]
[WhiteElo "1950"]
[BlackElo "1710"]
[PlyCount "122"]
[EventDate "2004.04.??"]
[EventType "swiss"]
[EventRounds "9"]
[EventCountry "FRA"]
[SourceTitle "EXT 2005"]
[Source "ChessBase"]
[SourceDate "2004.11.15"]
[SourceVersion "1"]
[SourceVersionDate "2004.11.15"]
[SourceQuality "1"]

1. d4 d6 2. c4 e5 3. dxe5 dxe5 4. Qxd8+ Kxd8 5. Nc3 c6 6. Nf3 f6 7. e4 Bb4 8. Bd2 Be6 9. 0-0-0 Nd7 10. Ne1 Kc7 11. Nc2 Bxc3 12. Bxc3 a5 13. Ne3 Ne7 14. Be2 Rhd8 15. Rd2 b6 16. Bg4 Bf7 17. Bxd7 Rxd7 18. Rhd1 Rad8 19. b3 Rxd2 20. Rxd2 Rxd2 21. Bxd2 Kd6 22. Nd1 a4 23. Be3 axb3 24. axb3 c5 25. Nc3 Bg6 26. f3 f5 27. Bg5 fxe4 28. Nxe4+ Kd7 29. Nc3 Nf5 30. Nd5 Nd4 31. Nxb6+ Kc6 32. Nd5 Nxb3+ 33. Kb2 Nd4 34. Ne7+ Kd6 35. Nxg6 hxg6 36. Kc3 Ne6 37. Be3 Nf4 38. g3 Ne2+ 39. Kd3 Nd4 40. Ke4 Nc6 41. f4 exf4 42. Bxf4+ Ke6 43. h3 Na5 44. Kd3 Kf5 45. Bd6 Nb7 46. Bf8 Kf6 47. Ke4 Kf7 48. Bxg7 Kxg7 49. Kd5 Kf6 50. g4 Kg5 51. Kc6 Na5+ 52. Kxc5 Kh4 53. Kd4 Nxc4 54. Kxc4 Kxh3 55. g5 Kg4 56. Kd4 Kxg5 57. Ke3 Kg4 58. Kf2 Kh3 59. Kg1 g5 60. Kh1 Kg3 61. Kg1 g4 0-1

[Event "France-ch U16 Girls"]
[Site "Reims"]
[Date "2004.04.19"]
[Round "2"]
[White "Koroid, Janna"]
[Black "Gras, Delphine"]
[Result "0-1"]
[WhiteElo "1710"]
[BlackElo "1917"]
[PlyCount "116"]
[EventDate "2004.04.??"]
[EventType "swiss"]
[EventRounds "9"]
[EventCountry "FRA"]
[SourceTitle "EXT 2005"]
[Source "ChessBase"]
[SourceDate "2004.11.15"]
[SourceVersion "1"]
[SourceVersionDate "2004.11.15"]
[SourceQuality "1"]

1. d4 d5 2. c4 e6 3. Nc3 Nf6 4. cxd5 exd5 5. Bg5 c6 6. e3 Bb4 7. Bd3 h6 8. Bh4 0-0 9. Qc2 Re8 10. Nge2 Bg4 11. f3 Bc8 12. e4 dxe4 13. fxe4 Bg4 14. Bxf6 Qxf6 15. 0-0-0 Bxc3 16. bxc3 Qg5+ 17. Kb1 c5 18. d5 Nd7 19. h3 Bxe2 20. Qxe2 Nf6 21. Qc2 b5 22. h4 Qe5 23. Rhe1 c4 24. Bf1 Nxe4 25. Kb2 Qf5 26. Be2 Nd6 27. Qxf5 Nxf5 28. Bf3 Nxh4 29. Be4 f5 30. g3 Rxe4 31. gxh4 Rxh4 32. d6 Re4 33. Rf1 g6 34. d7 Rd8 35. Rd6 Kf7 36. Rg1 Re6 37. Rxe6 Kxe6 38. Rxg6+ Kxd7 39. Rxh6 Kc7 40. Rf6 Rd5 41. a4 bxa4 42. Ka3 Ra5 43. Rh6 Re5 44. Kxa4 a5 45. Rf6 Kd7 46. Rf8 Rc5 47. Rf6 Ke7 48. Rh6 f4 49. Rh4 Rf5 50. Rh7+ Rf7 51. Rh5 f3 52. Re5+ Kd6 53. Re1 f2 54. Rf1 Kc5 55. Ka3 Kd5 56. Ka4 Ke4 57. Kxa5 Ke3 58. Kb4 Rf4 0-1